| 000 | 00865ngm a22003250a 4500 | ||
|---|---|---|---|
| 001 | PT19550 | ||
| 003 | AR-LpoUNG | ||
| 005 | 20210202000313.0 | ||
| 007 | vd cvaizq | ||
| 008 | 191001suuuu||||ag |||||||||||||||||fre d | ||
| 037 | _c$10,3 | ||
| 040 |
_aAR-LpoUNG _bspa _cAR-LpoUNG _eaacr |
||
| 044 | _aag | ||
| 082 | 0 | _a943.085 945ros | |
| 100 | 1 |
_aTrotta, Margarethe von _edir. |
|
| 245 | 1 | 0 | _aRosa Luxemburgo |
| 260 |
_aSan Luis : _bAVH, _cs.f. |
||
| 300 | _aVHS (115 min.) : son., col. | ||
| 505 | 0 | _aDiálogos en inglés. - Subtítulos en castellano. - Producción: Junkersdorf Von Eberhard. | |
| 650 | 4 | _aALEMANIA | |
| 650 | 4 | _aANALISIS HISTORICO | |
| 650 | 4 | _aBIOGRAFIAS | |
| 650 | 4 | _aHISTORIA | |
| 650 | 4 | _aHISTORIA POLITICA | |
| 650 | 4 | _aMARXISMO | |
| 651 | 4 | _aAmérica Latina | |
| 653 | _aVIDEOS | ||
| 905 | _a19550 | ||
| 942 | _cVIDEO | ||
| 999 |
_c54579 _d54579 |
||